000 00804nam a2200229Ii 4500
003 JO-AjNU
008 230605s9999||||xx |||||||||||||| ||und||
017 _a2014/3/1296
020 _a978-9957-30-564-2
040 _aJO-AjNU
_bara
_erda
_cJO-AjNU
041 _aara
050 1 4 _aPJ7571.I27 2014
100 3 _aنوار، بهاء,
_eauthor
_946334
245 0 0 _aالواقع والممكن:دراسةعن العجائبية في الرواية العربية المعاصرة
250 _aط1
264 3 1 _aعمان:دار فضاءات للنشر والتوزيع والطباعة،2014
300 _a266ص
336 _atext
_btxt
_2rdacontent
337 _aunmediated
_bn
_2rdamedia
338 _avolume
_bnc
_2rdacarrier
650 4 _aالقصص العربية-النقد العربي
_946335
999 _aA20148
_c23716
_d23716